[Event "Niedersachsen-ch op B"]
[Site "Verden"]
[Date "2018.01.04"]
[Round "2"]
[White "Rohde, Bjoern"]
[Black "Ter Stal, Lars"]
[Result "1-0"]
[WhiteElo "1773"]
[BlackElo "1621"]
[PlyCount "73"]
[EventDate "2018.01.04"]
[EventType "swiss"]
[EventRounds "7"]
[EventCountry "GER"]
[SourceTitle "EXT 2022"]
[Source "ChessBase"]
[SourceDate "2021.10.06"]
[SourceVersion "1"]
[SourceVersionDate "2021.10.06"]
[SourceQuality "1"]

1. e4 e6 2. d4 d5 3. e5 c5 4. c3 Nc6 5. Nf3 Qb6 6. a3 c4 7. Qc2 Bd7 8. Bf4 Nge7 9. Be2 Na5 10. Nbd2 Nc8 11. g4 Qa6 12. Kf1 Nb6 13. h4 Ba4 14. Qc1 Nb3 15. Nxb3 Bxb3 16. Qd2 Qa4 17. Rc1 Nd7 18. g5 b5 19. h5 a5 20. Rg1 b4 21. axb4 axb4 22. g6 fxg6 23. hxg6 bxc3 24. bxc3 h6 25. Rh1 Qa2 26. Ng5 Qxd2 27. Bxd2 Ra2 28. Be3 Ba3 29. Re1 Ke7 30. Bg4 Bb2 31. Nxe6 Bxc3 32. Bg5+ hxg5 33. Rxh8 Bxe1 34. Nxg7 Rxf2+ 35. Kxe1 Rf8 36. Nf5+ Kd8 37. g7 1-0

[Event "Niedersachsen-ch op-C"]
[Site "Verden"]
[Date "2017.01.07"]
[Round "5"]
[White "Kiesel, Lucas"]
[Black "Rohde, Bjoern"]
[Result "0-1"]
[WhiteElo "1698"]
[BlackElo "1908"]
[PlyCount "114"]
[EventDate "2017.01.05"]
[EventType "swiss"]
[EventRounds "7"]
[EventCountry "GER"]
[SourceTitle "CBM 187 Extra"]
[Source "ChessBase"]
[SourceDate "2018.11.04"]
[SourceVersion "1"]
[SourceVersionDate "2018.11.04"]
[SourceQuality "1"]

1. d4 Nf6 2. c4 c5 3. Nf3 cxd4 4. Nxd4 g6 5. Nc3 Bg7 6. Bf4 d6 7. Bg3 Nc6 8. e3 0-0 9. Be2 Qb6 10. Qd2 Bg4 11. f3 Bd7 12. 0-0 Bh6 13. Bf2 Nxd4 14. Qxd4 Qd8 15. Rfd1 Bg7 16. Qd3 Bc6 17. e4 Nd7 18. Bd4 Bxd4+ 19. Qxd4 Qb6 20. Nd5 Bxd5 21. exd5 a5 22. b3 Rfc8 23. f4 Rc7 24. Rab1 Qxd4+ 25. Rxd4 a4 26. b4 Nb6 27. c5 dxc5 28. bxc5 Nd7 29. c6 bxc6 30. dxc6 Nc5 31. Rb5 Ne6 32. Rc4 Nd8 33. Bf3 Kg7 34. Rb7 Ne6 35. Rcb4 Kf6 36. Bd5 Ra7 37. Rxa7 Rxa7 38. Rb7 Ra5 39. Bf3 Rc5 40. h3 Nxf4 41. Rb4 Nd3 42. Rxa4 Ne5 43. Be4 Ke6 44. Ra6 Kd6 45. a4 f5 46. Bf3 Nxf3+ 47. gxf3 Rxc6 48. Ra8 Ke5 49. Rb8 Kf4 50. Rb3 Rc1+ 51. Kg2 Rc2+ 52. Kg1 Ra2 53. Rb7 Kg3 54. Kf1 Kxf3 55. Ke1 Rxa4 56. Rb3+ Kf4 57. Ke2 Ra2+ 0-1

[Event "Niedersachsen-ch op-C"]
[Site "Verden"]
[Date "2017.01.06"]
[Round "3"]
[White "Diskin, Semen"]
[Black "Rohde, Bjoern"]
[Result "0-1"]
[WhiteElo "1898"]
[BlackElo "1908"]
[PlyCount "84"]
[EventDate "2017.01.05"]
[EventType "swiss"]
[EventRounds "7"]
[EventCountry "GER"]
[SourceTitle "CBM 187 Extra"]
[Source "ChessBase"]
[SourceDate "2018.11.04"]
[SourceVersion "1"]
[SourceVersionDate "2018.11.04"]
[SourceQuality "1"]

1. b3 d5 2. Bb2 Nf6 3. f4 c5 4. e3 Nc6 5. Nf3 Qb6 6. c3 c4 7. Qc2 g6 8. bxc4 dxc4 9. Bxc4 Bf5 10. Qb3 Qxb3 11. axb3 Bg7 12. 0-0 0-0 13. h3 Rfd8 14. Ng5 e6 15. d4 a6 16. g4 Be4 17. Nd2 Bd5 18. Bd3 Ne7 19. Ba3 Nc8 20. c4 Bc6 21. Rad1 b5 22. Bb2 b4 23. Ngf3 a5 24. Ne5 Bb7 25. Ra1 Nb6 26. Bc2 Nfd7 27. Nxd7 Rxd7 28. Ne4 Rdd8 29. Nc5 Bc6 30. Be4 Bxe4 31. Nxe4 a4 32. c5 Nd5 33. Rxa4 Rxa4 34. bxa4 Nxe3 35. Rf3 Nc4 36. Ba1 Bxd4+ 37. Bxd4 Rxd4 38. Nf6+ Kg7 39. Ne8+ Kf8 40. Nc7 Nd2 41. Rf2 b3 42. Nb5 b2 0-1

[Event "Niedersachsen-ch op-C"]
[Site "Verden"]
[Date "2017.01.05"]
[Round "2"]
[White "Rohde, Bjoern"]
[Black "Rabe, Maximilian"]
[Result "1-0"]
[WhiteElo "1908"]
[BlackElo "1367"]
[PlyCount "51"]
[EventDate "2017.01.05"]
[EventType "swiss"]
[EventRounds "7"]
[EventCountry "GER"]
[SourceTitle "CBM 187 Extra"]
[Source "ChessBase"]
[SourceDate "2018.11.04"]
[SourceVersion "1"]
[SourceVersionDate "2018.11.04"]
[SourceQuality "1"]

1. e4 e5 2. Nf3 Nc6 3. Bb5 a6 4. Ba4 Nf6 5. 0-0 b5 6. Bb3 Bc5 7. Nxe5 0-0 8. Nxc6 dxc6 9. d3 Bg4 10. Qe1 Qd6 11. e5 Qe7 12. exf6 Qxf6 13. Qe4 Bf5 14. Qf3 Rfe8 15. Nc3 Qg6 16. Qg3 Qf6 17. Be3 Bd6 18. Bf4 Bc5 19. Qg5 Qxg5 20. Bxg5 a5 21. a3 a4 22. Ba2 Bd4 23. Rfe1 h6 24. Bd2 Bf6 25. Rxe8+ Rxe8 26. Re1 1-0

[Event "Nuremberg LGA Cup 3rd"]
[Site "Nuremberg"]
[Date "2006.09.10"]
[Round "6.51"]
[White "Luther, Helmut"]
[Black "Rohde, Bjoern"]
[Result "0-1"]
[WhiteElo "2022"]
[BlackElo "1817"]
[PlyCount "74"]
[EventDate "2006.09.07"]
[EventType "swiss"]
[EventRounds "7"]
[EventCountry "GER"]
[SourceTitle "EXT 2022"]
[Source "ChessBase"]
[SourceDate "2021.10.06"]
[SourceVersion "1"]
[SourceVersionDate "2021.10.06"]
[SourceQuality "1"]

1. d4 e6 2. Nf3 d5 3. c4 c6 4. Nc3 dxc4 5. e3 b5 6. a4 Bb4 7. Bd2 Bxc3 8. Bxc3 Nf6 9. Ne5 Qe7 10. g3 Bb7 11. Bg2 Nd5 12. Bd2 Nd7 13. Nxd7 Qxd7 14. 0-0 0-0 15. f4 a6 16. Qh5 c5 17. dxc5 Nxf4 18. Rxf4 Bxg2 19. Rh4 Be4 20. Bc3 Bg6 21. Qe5 f6 22. Rd4 Qc8 23. Qd6 e5 24. Rd2 Bd3 25. Qd5+ Kh8 26. c6 Qc7 27. Qc5 Rfb8 28. b3 e4 29. bxc4 b4 30. Bxb4 a5 31. Bc3 Rc8 32. Rf2 Qxc6 33. Qh5 Qc5 34. Qxc5 Rxc5 35. Bd4 Rxc4 36. Rb2 Rac8 37. Rb7 h6 0-1

[Event "Nuremberg LGA Cup 3rd"]
[Site "Nuremberg"]
[Date "2006.09.09"]
[Round "5.50"]
[White "Rohde, Bjoern"]
[Black "Schuetz, Guenter"]
[Result "1-0"]
[WhiteElo "1817"]
[BlackElo "2244"]
[PlyCount "103"]
[EventDate "2006.09.07"]
[EventType "swiss"]
[EventRounds "7"]
[EventCountry "GER"]
[SourceTitle "EXT 2022"]
[Source "ChessBase"]
[SourceDate "2021.10.06"]
[SourceVersion "1"]
[SourceVersionDate "2021.10.06"]
[SourceQuality "1"]

1. e4 c5 2. Nf3 Nc6 3. d4 cxd4 4. Nxd4 Nf6 5. Nc3 e5 6. Ndb5 d6 7. Nd5 Nxd5 8. exd5 Ne7 9. c4 Nf5 10. Be2 Be7 11. 0-0 0-0 12. Kh1 Nh4 13. f4 a6 14. Nc3 f5 15. fxe5 dxe5 16. Be3 Ng6 17. c5 Bg5 18. Bg1 e4 19. Bc4 Ne5 20. d6+ Kh8 21. Qe2 Bd7 22. b4 Qe8 23. a4 Be6 24. Bxe6 Qxe6 25. Rfd1 Qg6 26. Bd4 Nd3 27. Rxd3 exd3 28. Qxd3 Qe6 29. Nd5 Rad8 30. Bc3 Qe4 31. Qg3 h6 32. Ne7 f4 33. Qe1 Qxe1+ 34. Rxe1 Rfe8 35. Ng6+ Kg8 36. Ne5 Bf6 37. b5 axb5 38. axb5 Re6 39. Kg1 Bxe5 40. Rxe5 Rxe5 41. Bxe5 Kf7 42. c6 bxc6 43. bxc6 Ke6 44. d7 Ra8 45. Bxf4 Ke7 46. Bc7 Rf8 47. g3 g6 48. Kg2 Ra8 49. h4 Rf8 50. Kh3 Ra8 51. h5 g5 52. d8Q+ 1-0

[Event "Mittelfrankenliga-B2a 0506"]
[Site "Germany"]
[Date "2006.01.15"]
[Round "4.5"]
[White "Rohde, Bjoern"]
[Black "Walter, Eugen"]
[Result "1-0"]
[WhiteElo "1713"]
[BlackElo "1798"]
[PlyCount "87"]
[EventDate "2005.10.16"]
[EventType "team"]
[EventRounds "9"]
[EventCountry "GER"]
[SourceTitle "EXT 2007"]
[Source "ChessBase"]
[SourceDate "2006.11.23"]
[SourceVersion "1"]
[SourceVersionDate "2006.11.23"]
[SourceQuality "1"]

1. e4 e5 2. Nf3 f5 3. Nxe5 Qf6 4. d4 d6 5. Nc4 fxe4 6. Nc3 Qg6 7. Ne3 Nf6 8. Be2 c6 9. d5 Be7 10. Bc4 Nbd7 11. h3 Ne5 12. Bb3 c5 13. Ba4+ Kf7 14. Bb5 a6 15. Bf1 b5 16. Ne2 Ke8 17. Ng3 Rf8 18. c4 Bd7 19. b3 Kf7 20. Bb2 Kg8 21. Bxe5 dxe5 22. d6 Bd8 23. Nd5 Kh8 24. Nxf6 Bxf6 25. Qd2 Bc6 26. h4 e3 27. Qxe3 e4 28. 0-0-0 Bd4 29. Rxd4 cxd4 30. Qxd4 Qf6 31. Qxf6 Rxf6 32. c5 Rxf2 33. Ne2 Rc8 34. b4 e3 35. Rg1 Kg8 36. Nd4 Bd7 37. Be2 Rf4 38. Rd1 Rf6 39. Kb2 Rf2 40. Kc3 Rxg2 41. Kd3 Bg4 42. Bxg4 Rxg4 43. Re1 Rxh4 44. Nf5 1-0